[Event "DSOL 2021"]
[Site "Germany"]
[Date "2021.02.23"]
[Round "4.1"]
[White "Staeblein, Christoph"]
[Black "Lindam, Ingo"]
[Result "1/2-1/2"]
[WhiteElo "1834"]
[BlackElo "2137"]
[Annotator "ChessBase"]
[PlyCount "111"]
[EventDate "2021.01.18"]
[EventType "team-tourn"]
[EventCountry "GER"]
[SourceTitle "playchess.com"]
[Source "ChessBase"]
[SourceQuality "1"]

1. d4 Nf6 2. c4 g6 3. Nc3 Bg7 4. e4 d6 5. Be2 O-O 6. Bg5 c5 7. d5 h6 8. Be3 e6 9. h3 exd5 10. exd5 Re8 11. Qd2 Qb6 12. Bd3 Nbd7 13. Nf3 Ne5 14. Nxe5 Rxe5 15. O-O h5 16. Bf4 Re8 17. Rae1 Bd7 18. b3 Rxe1 19. Rxe1 Re8 20. Rxe8+ Nxe8 21. Qc2 Qa5 22. Bd2 Qd8 23. Qd1 Qe7 24. Qe2 Qxe2 25. Bxe2 Bf5 26. Kf1 a6 27. Ke1 Nf6 28. Bf4 Ne8 29. Kd2 Kf8 30. g4 hxg4 31. hxg4 Bd7 32. f3 Ke7 33. Bd3 f5 34. gxf5 gxf5 35. Ne2 Bf6 36. Ng3 Ng7 37. Bh6 b5 38. Bxg7 Bxg7 39. Bxf5 Be5 40. Bxd7 Bxg3 41. Bc8 bxc4 42. bxc4 a5 43. Kc3 Kd8 44. Bf5 Be1+ 45. Kb3 Kc7 46. Ka4 Kb6 47. Bd7 Bd2 48. Bb5 Bf4 49. Kb3 Kc7 50. Kc2 Kd8 51. Kd3 Ke7 52. Ke4 Be5 53. Kf5 Bc3 54. f4 Bb2 55. Kg6 Bc3 56. Kf5 1/2-1/2

[Event "DSOL 2021"]
[Site "Germany"]
[Date "2021.02.26"]
[Round "4.1"]
[White "Dell, Philip"]
[Black "Rath, Mark"]
[Result "1/2-1/2"]
[WhiteElo "1823"]
[BlackElo "1668"]
[Annotator "NA RC"]
[PlyCount "83"]
[EventDate "2021.01.18"]
[EventType "team-tourn"]
[EventCountry "GER"]
[SourceTitle "playchess.com"]
[Source "ChessBase"]
[SourceQuality "1"]
[WhiteTeam "Düsseldorfer SV II"]
[BlackTeam "SG Porz VII"]

1. e4 e5 2. Nf3 Nc6 3. Bc4 h6 4. d4 Bd6 5. d5 Nce7 6. Nc3 c6 7. O-O cxd5 8. Nxd5 Nxd5 9. Bxd5 Bc7 10. Be3 Nf6 11. c4 O-O 12. Qd2 d6 13. b3 Nxd5 14. cxd5 f5 15. Qd3 fxe4 16. Qxe4 Bf5 17. Qb4 Bb6 18. Rac1 Rb8 19. Nh4 Ba5 20. Qc4 b5 21. Qc6 Qxh4 22. Bxa7 Rbc8 23. Qxd6 Rxc1 24. Rxc1 Qf6 25. Qa3 Bd8 26. Rc6 Qe7 27. Bc5 Qe8 28. Bxf8 Qxf8 29. Qa7 Qe7 30. Qe3 e4 31. d6 Qd7 32. Qc5 b4 33. Qd5+ Qe6 34. Qxe6+ Bxe6 35. d7 Kf7 36. Kf1 Ke7 37. Ke2 Bxd7 38. Rg6 Kf7 39. Rd6 Ke7 40. Rd4 Bb5+ 41. Kd2 Bc6 42. Rc4 1/2-1/2

[Event "DSOL 2021"]
[Site "Germany"]
[Date "2021.02.24"]
[Round "4.1"]
[White "Wozniak, Krzysztof"]
[Black "Kleinschroth, Roland"]
[Result "1/2-1/2"]
[WhiteElo "1817"]
[BlackElo "2085"]
[Annotator "TA"]
[PlyCount "50"]
[EventDate "2021.01.18"]
[EventType "team-tourn"]
[EventCountry "GER"]
[SourceTitle "playchess.com"]
[Source "ChessBase"]
[SourceQuality "1"]

1. e4 e5 2. Nf3 d5 3. Nxe5 Bd6 4. d4 dxe4 5. Bc4 Bxe5 6. Qh5 Qe7 7. Qxe5 Qxe5 8. dxe5 Nc6 9. Nc3 Nxe5 10. Bb3 Bd7 11. Bf4 f6 12. O-O-O O-O-O 13. Nxe4 Ng6 14. Be3 b6 15. h4 h5 16. Rd2 N8e7 17. Rhd1 Bf5 18. Rxd8+ Rxd8 19. Rxd8+ Kxd8 20. Ng3 Nxh4 21. Nxh5 Nxg2 22. Nxg7 Nxe3 23. fxe3 Bg4 24. Be6 Bxe6 25. Nxe6+ Kd7 1/2-1/2

[Event "DSOL 2021"]
[Site "Germany"]
[Date "2021.02.26"]
[Round "4.1"]
[White "Pruefer, Friedbert"]
[Black "Zehrfeld, Thorsten"]
[Result "1/2-1/2"]
[WhiteElo "1759"]
[BlackElo "1947"]
[Annotator "TA"]
[PlyCount "54"]
[EventDate "2021.01.18"]
[EventType "team-tourn"]
[EventCountry "GER"]
[SourceTitle "playchess.com"]
[Source "ChessBase"]
[SourceQuality "1"]
[WhiteTeam "TSG Taucha I"]
[BlackTeam "SK Rochade Augsburg"]

1. d4 g6 2. Nc3 c6 3. e4 d5 4. h3 Bg7 5. Nf3 Nh6 6. Bf4 f6 7. exd5 cxd5 8. Nb5 Na6 9. c4 Be6 10. Nc3 O-O 11. Qb3 dxc4 12. Bxc4 Bxc4 13. Qxc4+ Nf7 14. O-O Rc8 15. Qb3 Qd7 16. Rfe1 Kh8 17. Re2 Nd6 18. Bxd6 exd6 19. Rae1 Rf7 20. Qb5 Kg8 21. Qxd7 Rxd7 22. Nd5 Rcd8 23. Re6 Kf7 24. Re7+ Kf8 25. R7e6 Kf7 26. Re7+ Kf8 27. R7e6 Kf7 1/2-1/2

[Event "DSOL 2021"]
[Site "Germany"]
[Date "2021.02.24"]
[Round "4.1"]
[White "Henn, Marcus"]
[Black "Dornieden, Jonas"]
[Result "0-1"]
[WhiteElo "1724"]
[BlackElo "2079"]
[Annotator "TA"]
[PlyCount "82"]
[EventDate "2021.01.18"]
[EventType "team-tourn"]
[EventCountry "GER"]
[SourceTitle "playchess.com"]
[Source "ChessBase"]
[SourceQuality "1"]

1. d4 d5 2. c4 c6 3. Nc3 Nf6 4. e3 Bf5 5. cxd5 cxd5 6. Qb3 Qd7 7. Nf3 e6 8. Bb5 Nc6 9. Ne5 Qc7 10. Qa4 Rc8 11. Qxa7 Bb4 12. Nxc6 bxc6 13. Qxc7 Rxc7 14. Be2 Bxc3+ 15. bxc3 O-O 16. Ba3 Ra8 17. Bb4 Nd7 18. Kd2 c5 19. dxc5 Nxc5 20. Rhc1 Rac8 21. Bxc5 Rxc5 22. a4 Ra8 23. Bb5 Kf8 24. c4 dxc4 25. Bxc4 Be4 26. f3 Bc6 27. Bb3 Rxc1 28. Kxc1 Ra5 29. Kb2 Rg5 30. a5 Rxg2+ 31. Kc3 Bxf3 32. a6 Rxh2 33. a7 Ba8 34. Ra6 g5 35. Rb6 Kg7 36. Ba4 Ra2 37. Rb4 h5 38. Kd4 h4 39. Ke5 h3 40. Rg4 f6+ 41. Kxe6 h2 0-1

[Event "DSOL 2021"]
[Site "Germany"]
[Date "2021.02.24"]
[Round "4.1"]
[White "Wulf von Moers, Jens"]
[Black "Juelg, Gabriel"]
[Result "1-0"]
[WhiteElo "1636"]
[BlackElo "1596"]
[Annotator "NA RC"]
[PlyCount "81"]
[EventDate "2021.01.18"]
[EventType "team-tourn"]
[EventCountry "GER"]
[SourceTitle "playchess.com"]
[Source "ChessBase"]
[SourceQuality "1"]

1. e4 c5 2. Nc3 e6 3. f4 d5 4. Nf3 Nc6 5. Bb5 Nge7 6. exd5 exd5 7. Qe2 Be6 8. Bxc6+ bxc6 9. O-O g6 10. d4 Bg7 11. dxc5 O-O 12. Bd2 Bg4 13. Kh1 Nf5 14. Qd3 Bxf3 15. Rxf3 Rb8 16. b3 Re8 17. Rd1 Qe7 18. Na4 Qe2 19. Bc3 Nh4 20. Rg3 d4 21. Ba5 Re3 22. Qxe2 Rxe2 23. c3 Rbe8 24. cxd4 Bxd4 25. h3 Bf6 26. Bc3 Nf5 27. Rgd3 Ne3 28. Bxf6 Nxd1 29. Rxd1 Rxa2 30. Rd3 Rf2 31. Rd6 Rxf4 32. Rxc6 Rfe4 33. Nc3 R4e6 34. Rd6 Rc8 35. Nd5 Kf8 36. b4 Ke8 37. Nc7+ Kf8 38. Nxe6+ fxe6 39. c6 Kf7 40. Be5 Ke7 41. b5 1-0

[Event "DSOL 2021"]
[Site "Germany"]
[Date "2021.02.25"]
[Round "4.1"]
[White "Manusina, Nicole"]
[Black "Guzsvany, Arpad"]
[Result "0-1"]
[WhiteElo "1620"]
[BlackElo "1677"]
[Annotator "NA RC"]
[PlyCount "98"]
[EventDate "2021.01.18"]
[EventType "team-tourn"]
[EventCountry "GER"]
[SourceTitle "playchess.com"]
[Source "ChessBase"]
[SourceQuality "1"]

1. d4 d5 2. c4 c6 3. Nf3 Nf6 4. Nc3 a6 5. cxd5 cxd5 6. Bg5 Ne4 7. Bh4 Qa5 8. Qa4+ Qxa4 9. Nxa4 Nd7 10. Rc1 e6 11. e3 b5 12. Nc3 Nxc3 13. bxc3 Bd6 14. Bg3 Ke7 15. Bd3 Bb7 16. O-O Rhc8 17. Rfe1 Bxg3 18. hxg3 Nb6 19. Nd2 Na4 20. Nb3 Rc7 21. Rc2 Rac8 22. Rec1 Kd6 23. Kf1 Ba8 24. Ke1 Rxc3 25. Kd2 Rxc2+ 26. Rxc2 Rxc2+ 27. Kxc2 Kc7 28. Bxh7 Bc6 29. Bd3 Kb6 30. g4 a5 31. g5 b4 32. g4 Nc3 33. a3 Ba4 34. axb4 axb4 35. f4 Kc6 36. g6 f6 37. f5 exf5 38. gxf5 Kd6 39. Bf1 Bd7 40. Bd3 Ne4 41. Nc5 Nxc5 42. dxc5+ Kxc5 43. Kb3 Bb5 44. Bc2 Bc4+ 45. Kb2 Kd6 46. e4 d4 47. Bb1 Ke5 48. Kc1 d3 49. Kd2 Kxe4 0-1

[Event "DSOL 2021"]
[Site "Germany"]
[Date "2021.02.22"]
[Round "4.1"]
[White "Muedder, Rafael"]
[Black "Burchert, Wolfgang"]
[Result "1/2-1/2"]
[WhiteElo "1620"]
[BlackElo "2064"]
[Annotator "TA"]
[PlyCount "37"]
[EventDate "2021.01.18"]
[EventType "team-tourn"]
[EventCountry "GER"]
[SourceTitle "playchess.com"]
[Source "ChessBase"]
[SourceQuality "1"]

1. e4 c5 2. Nf3 e6 3. d4 cxd4 4. Nxd4 Nf6 5. Nc3 Nc6 6. Nxc6 bxc6 7. e5 Nd5 8. Ne4 Qc7 9. f4 Qb6 10. c4 Bb4+ 11. Ke2 Ba6 12. Kf3 f5 13. exf6 Nxf6 14. c5 Bxc5 15. Nxc5 Bxf1 16. Na4 Bxg2+ 17. Kxg2 Qb4 18. Re1 O-O 19. Bd2 1/2-1/2

[Event "DSOL 2021"]
[Site "Germany"]
[Date "2021.02.23"]
[Round "4.1"]
[White "Old, Stefan"]
[Black "Schreiner, Paulo"]
[Result "0-1"]
[WhiteElo "1526"]
[BlackElo "1855"]
[Annotator "NA"]
[PlyCount "48"]
[EventDate "2021.01.18"]
[EventType "team-tourn"]
[EventCountry "GER"]
[SourceTitle "playchess.com"]
[Source "ChessBase"]
[SourceQuality "1"]

1. d4 d5 2. c4 e6 3. Nf3 Nf6 4. e3 Nbd7 5. Nc3 c6 6. a3 Bd6 7. Bd3 O-O 8. O-O Re8 9. b4 e5 10. dxe5 Nxe5 11. cxd5 cxd5 12. Bb2 Bg4 13. Be2 Be6 14. Nd4 a6 15. Rc1 Rc8 16. Bd3 Nfg4 17. h3 Qh4 18. Nf3 Nxf3+ 19. Qxf3 Ne5 20. Qe2 Bxh3 21. Nxd5 Bxg2 22. Kxg2 Nxd3 23. Qxd3 Qg4+ 24. Kh1 Qh3+ 0-1

[Event "DSOL 2021"]
[Site "Germany"]
[Date "2021.02.26"]
[Round "4.2"]
[White "Bluebaum, Matthias"]
[Black "Koch, Moritz"]
[Result "1-0"]
[WhiteElo "2672"]
[BlackElo "1334"]
[Annotator "TA"]
[PlyCount "41"]
[EventDate "2021.01.18"]
[EventType "team-tourn"]
[EventCountry "GER"]
[SourceTitle "playchess.com"]
[Source "ChessBase"]
[SourceQuality "1"]
[WhiteTeam "SF Deizisau I"]
[BlackTeam "SK Herzogenaurach I"]

1. d4 Nf6 2. Bf4 g6 3. Nc3 Bg7 4. e4 d6 5. Qd2 O-O 6. Bh6 e5 7. Bxg7 Kxg7 8. Nf3 exd4 9. Nxd4 Re8 10. f3 d5 11. O-O-O c6 12. g4 b5 13. Nb3 b4 14. Na4 Qd7 15. Qxb4 a5 16. Qc3 d4 17. Rxd4 Qe7 18. Nb6 Ra7 19. Nxc8 Rxc8 20. g5 Nh5 21. Rd7+ 1-0

[Event "DSOL 2021"]
[Site "Germany"]
[Date "2021.02.25"]
[Round "4.2"]
[White "Grigorian, Spartak"]
[Black "van Son, Lutz"]
[Result "1-0"]
[WhiteElo "2458"]
[BlackElo "2146"]
[Annotator "TA"]
[PlyCount "69"]
[EventDate "2021.01.18"]
[EventType "team-tourn"]
[EventCountry "GER"]
[SourceTitle "playchess.com"]
[Source "ChessBase"]
[SourceQuality "1"]

1. d4 d5 2. Bf4 c6 3. e3 Bf5 4. g4 Bg6 5. Nf3 Nd7 6. Nbd2 Ngf6 7. Ne5 Nxe5 8. Bxe5 Nd7 9. Bg3 Qb6 10. Nb3 e6 11. Be2 c5 12. h4 h6 13. h5 Bh7 14. Qc1 Rc8 15. c3 Be7 16. f4 Be4 17. O-O f5 18. Nd2 cxd4 19. exd4 Bf6 20. Bf2 Qd6 21. Be3 Rg8 22. Kh2 g5 23. hxg6 Rxg6 24. Nxe4 dxe4 25. gxf5 Rg5 26. fxe6 Nf8 27. Qc2 Nxe6 28. Qxe4 Kf7 29. Qxb7+ Rc7 30. Qa6 Qxa6 31. Bxa6 Rh5+ 32. Kg2 Ng7 33. Rh1 Ra5 34. Bd3 Re7 35. Kf3 1-0

[Event "DSOL 2021"]
[Site "Germany"]
[Date "2021.02.25"]
[Round "4.2"]
[White "Lagunow, Raphael"]
[Black "Weihrauch, Jakob"]
[Result "1-0"]
[WhiteElo "2378"]
[BlackElo "2146"]
[Annotator "TA"]
[PlyCount "69"]
[EventDate "2021.01.18"]
[EventType "team-tourn"]
[EventCountry "GER"]
[SourceTitle "playchess.com"]
[Source "ChessBase"]
[SourceQuality "1"]

1. e4 e5 2. Nf3 Nc6 3. Bc4 Bc5 4. c3 Nf6 5. d4 exd4 6. b4 Bd6 7. O-O O-O 8. b5 Na5 9. Bd3 Re8 10. Re1 Bf8 11. e5 dxc3 12. exf6 Rxe1+ 13. Qxe1 Qxf6 14. Qxc3 Qxc3 15. Nxc3 c6 16. Bd2 b6 17. Re1 Bb7 18. Bf4 Bb4 19. Rc1 c5 20. Nb1 Bxf3 21. gxf3 d5 22. a3 Nb3 23. axb4 Nxc1 24. Bxc1 c4 25. Bf1 a5 26. bxa6 Rxa6 27. Be3 Ra4 28. b5 Rb4 29. Nc3 Rb3 30. Bd4 Kf8 31. f4 Rb2 32. Bxb6 Rd2 33. Be3 Rc2 34. Nxd5 c3 35. b6 1-0

[Event "DSOL 2021"]
[Site "Germany"]
[Date "2021.02.24"]
[Round "4.2"]
[White "Colbow, Collin"]
[Black "Kopylov, Daniel"]
[Result "0-1"]
[WhiteElo "2339"]
[BlackElo "2353"]
[Annotator "TA"]
[PlyCount "112"]
[EventDate "2021.01.18"]
[EventType "team-tourn"]
[EventCountry "GER"]
[SourceTitle "playchess.com"]
[Source "ChessBase"]
[SourceQuality "1"]

1. e4 c5 2. Nf3 d6 3. d4 cxd4 4. Nxd4 Nf6 5. Nc3 Nc6 6. f3 e5 7. Nb3 Be7 8. Be3 O-O 9. Qd2 a5 10. Bb5 Be6 11. Rd1 Na7 12. Bd3 Nc6 13. Bb5 Na7 14. Bd3 Nc8 15. O-O a4 16. Nc1 a3 17. b3 Na7 18. N1e2 Nc6 19. f4 Nb4 20. f5 Bd7 21. Bg5 Bc6 22. Kh1 h6 23. Bxh6 gxh6 24. Qxh6 Nh7 25. Rf3 Bg5 26. Qh5 Kg7 27. f6+ Bxf6 28. Ng3 Bd7 29. Bc4 Ng5 30. Rf5 Qe7 31. Rdf1 Rh8 32. Rxg5+ Kf8 33. Qd1 Bxg5 34. Rxf7+ Qxf7 35. Bxf7 Ke7 36. Bg6 Bf4 37. Nce2 Rac8 38. c3 Nxa2 39. Qa1 Bxg3 40. Nxg3 Rxc3 41. Ne2 Rc2 42. Qd1 Rhc8 43. Qd5 Rxe2 44. Qf7+ Kd8 45. h4 Rc1+ 46. Kh2 Rcc2 47. Bf5 Rxg2+ 48. Kh3 Rh2+ 49. Kg3 Rcg2+ 50. Kf3 Rf2+ 51. Kg3 Bxf5 52. exf5 Nc3 53. Qg8+ Kc7 54. Qc4+ Kb8 55. Qxc3 Rfg2+ 56. Kf3 Rh3+ 0-1

[Event "DSOL 2021"]
[Site "Germany"]
[Date "2021.02.24"]
[Round "4.2"]
[White "Browning, Alex"]
[Black "Foerster, Erik"]
[Result "1-0"]
[WhiteElo "2307"]
[BlackElo "2065"]
[Annotator "TA"]
[PlyCount "51"]
[EventDate "2021.01.18"]
[EventType "team-tourn"]
[EventCountry "GER"]
[SourceTitle "playchess.com"]
[Source "ChessBase"]
[SourceQuality "1"]

1. e4 e6 2. d4 d5 3. Nc3 Nf6 4. Bg5 Bb4 5. e5 h6 6. Be3 Ne4 7. Qg4 g6 8. Bd3 Bxc3+ 9. bxc3 Nxc3 10. h4 h5 11. Qg3 c5 12. dxc5 Nc6 13. Nf3 d4 14. Bg5 Qd5 15. O-O Ne4 16. Bxe4 Qxe4 17. Bf6 Rg8 18. Ng5 Qxc2 19. Rac1 Qf5 20. Rfe1 d3 21. Ne4 d2 22. Nd6+ Kf8 23. Nxf5 gxf5 24. Qe3 dxe1=R+ 25. Rxe1 Bd7 26. Qd2 1-0

[Event "DSOL 2021"]
[Site "Germany"]
[Date "2021.02.23"]
[Round "4.2"]
[White "Rosenberg, Daniel B"]
[Black "Becker, Michael"]
[Result "0-1"]
[WhiteElo "2200"]
[BlackElo "2267"]
[Annotator "TA"]
[PlyCount "86"]
[EventDate "2021.01.18"]
[EventType "team-tourn"]
[EventCountry "GER"]
[SourceTitle "playchess.com"]
[Source "ChessBase"]
[SourceQuality "1"]

1. e4 d5 2. exd5 Nf6 3. Bb5+ Bd7 4. Bxd7+ Qxd7 5. Nf3 Qxd5 6. O-O Nc6 7. Nc3 Qh5 8. d3 O-O-O 9. a4 e6 10. Ng5 Qxd1 11. Rxd1 Rd7 12. Be3 h6 13. Nge4 Nd5 14. Nxd5 exd5 15. Nc5 Bxc5 16. Bxc5 b6 17. Be3 Re8 18. Kf1 Rde7 19. c3 d4 20. cxd4 Rd7 21. Re1 Red8 22. Rac1 Nxd4 23. Bxd4 Rxd4 24. Re7 R8d7 25. Rxd7 Kxd7 26. Ke2 Rxa4 27. Ke3 Rb4 28. Rc2 c5 29. g3 Kd6 30. f4 Kd5 31. Rd2 a5 32. Rc2 a4 33. Rd2 Rb3 34. Rc2 b5 35. Ke2 Kd4 36. Rd2 f5 37. h3 h5 38. Rc2 Rxd3 39. Rxc5 Re3+ 40. Kd2 Kxc5 41. Kxe3 Kc4 42. Kd2 Kb3 43. Kc1 b4 0-1

[Event "DSOL 2021"]
[Site "Germany"]
[Date "2021.02.23"]
[Round "4.2"]
[White "Loseries, Uwe"]
[Black "Fenski, Matthias"]
[Result "0-1"]
[WhiteElo "2197"]
[BlackElo "1856"]
[Annotator "ChessBase"]
[PlyCount "90"]
[EventDate "2021.01.18"]
[EventType "team-tourn"]
[EventCountry "GER"]
[SourceTitle "playchess.com"]
[Source "ChessBase"]
[SourceQuality "1"]

1. d4 Nf6 2. c4 e6 3. Nf3 Bb4+ 4. Nbd2 O-O 5. a3 Be7 6. b4 a5 7. b5 d5 8. e3 c5 9. dxc5 Bxc5 10. Bb2 b6 11. Be2 Bb7 12. O-O Nbd7 13. Nb3 Be7 14. Rc1 Rc8 15. Nbd4 dxc4 16. Bxc4 Rc7 17. Qe2 Qa8 18. Nxe6 Rxc4 19. Qxc4 Bd5 20. Qe2 Bxe6 21. Nd4 Bd5 22. f3 Bc5 23. Kh1 Re8 24. Qd2 Qb8 25. e4 Bb7 26. Rfd1 Ne5 27. Nf5 Bxe4 28. Rxc5 bxc5 29. fxe4 Nxe4 30. Qf4 Ng6 31. Ne7+ Nxe7 32. Qxe4 Qxb5 33. Qe5 Nf5 34. Qxf5 Qxb2 35. Qxc5 a4 36. h3 Qb3 37. Qd6 h6 38. Rf1 Re3 39. Qd8+ Kh7 40. Qf8 Qxa3 41. Qxf7 Qd3 42. Rf4 a3 43. Rg4 Rxh3+ 44. Kg1 Qe3+ 45. Qf2 Rh1+ 0-1

[Event "DSOL 2021"]
[Site "Germany"]
[Date "2021.02.25"]
[Round "4.2"]
[White "Dietz, Juergen"]
[Black "Runte, Moritz"]
[Result "1/2-1/2"]
[WhiteElo "2146"]
[BlackElo "2133"]
[Annotator "TA"]
[PlyCount "55"]
[EventDate "2021.01.18"]
[EventType "team-tourn"]
[EventCountry "GER"]
[SourceTitle "playchess.com"]
[Source "ChessBase"]
[SourceQuality "1"]

1. f4 d5 2. Nf3 Nf6 3. g3 e6 4. Bg2 b5 5. O-O Bb7 6. d3 Nbd7 7. e4 dxe4 8. Ng5 Nc5 9. Nc3 exd3 10. Bxb7 Nxb7 11. Qf3 Rb8 12. Rd1 Bc5+ 13. Kg2 O-O 14. Rxd3 Nd6 15. a4 a6 16. Nge4 Bb6 17. axb5 axb5 18. Nxd6 cxd6 19. Nxb5 d5 20. b3 Qe7 21. Bb2 Rfc8 22. Qe2 Ne4 23. Be5 Ra8 24. Rxa8 Rxa8 25. Rd1 Rc8 26. Bd4 Bxd4 27. Nxd4 Qb7 28. Ra1 1/2-1/2

[Event "DSOL 2021"]
[Site "Germany"]
[Date "2021.02.24"]
[Round "4.2"]
[White "Zipfel, Frank"]
[Black "Jurkic, Bosiljko"]
[Result "1/2-1/2"]
[WhiteElo "2146"]
[BlackElo "1598"]
[Annotator "TA"]
[PlyCount "22"]
[EventDate "2021.01.18"]
[EventType "team-tourn"]
[EventCountry "GER"]
[SourceTitle "playchess.com"]
[Source "ChessBase"]
[SourceQuality "1"]

1. e4 c5 2. Nf3 e6 3. g3 g6 4. d4 cxd4 5. Qxd4 Qf6 6. Qd3 Nc6 7. Nc3 Nb4 8. Qe2 Nxc2+ 9. Qxc2 Qxf3 10. Rg1 Bb4 11. Bf4 Qh5 1/2-1/2

[Event "DSOL 2021"]
[Site "Germany"]
[Date "2021.02.25"]
[Round "4.2"]
[White "Maksimovic, Marko"]
[Black "Reimer, Philip"]
[Result "1/2-1/2"]
[WhiteElo "2144"]
[BlackElo "1516"]
[Annotator "TA"]
[PlyCount "65"]
[EventDate "2021.01.18"]
[EventType "team-tourn"]
[EventCountry "GER"]
[SourceTitle "playchess.com"]
[Source "ChessBase"]
[SourceQuality "1"]

1. d4 Nf6 2. c4 e6 3. Nc3 Bb4 4. Qc2 O-O 5. e4 d5 6. e5 Ne4 7. Bd3 c5 8. a3 Bxc3+ 9. bxc3 Nc6 10. Ne2 cxd4 11. cxd4 Qa5+ 12. Bd2 Nxd2 13. Qxd2 dxc4 14. Bxc4 Rd8 15. Qxa5 Nxa5 16. Ba2 b5 17. O-O Bb7 18. Rfc1 Rac8 19. f3 Rxc1+ 20. Rxc1 Rc8 21. Rxc8+ Bxc8 22. Nc3 a6 23. Kf2 Nc6 24. Ke3 b4 25. axb4 Nxb4 26. Bb3 Bb7 27. g4 g5 28. Ne4 h6 29. Kd2 a5 30. Kc3 Kg7 31. Bc4 Nd5+ 32. Bxd5 Bxd5 33. Kb2 1/2-1/2

[Event "DSOL 2021"]
[Site "Germany"]
[Date "2021.02.26"]
[Round "4.2"]
[White "Kaiser, Martin"]
[Black "Nagelsdiek, Michael"]
[Result "1-0"]
[WhiteElo "2136"]
[BlackElo "2063"]
[Annotator "TA"]
[PlyCount "59"]
[EventDate "2021.01.18"]
[EventType "team-tourn"]
[EventCountry "GER"]
[SourceTitle "playchess.com"]
[Source "ChessBase"]
[SourceQuality "1"]
[WhiteTeam "SC Weisse Dame"]
[BlackTeam "SF Pfullingen I"]

1. e4 c6 2. d4 d5 3. exd5 cxd5 4. c4 e6 5. Nc3 Nf6 6. Nf3 Nc6 7. cxd5 exd5 8. h3 Be7 9. Bd3 O-O 10. O-O h6 11. Bf4 Be6 12. Re1 Rc8 13. Qd2 Re8 14. Rad1 a6 15. a3 Na5 16. Ne5 b5 17. Bb1 Bf8 18. Qd3 Nc4 19. Nxc4 dxc4 20. Qc2 g6 21. Qd2 Kh7 22. d5 Bd7 23. Be5 Bg7 24. Qd4 Nh5 25. Bxg7 Nxg7 26. Ne4 Nh5 27. Nd6 Rxe1+ 28. Rxe1 Bxh3 29. Nxf7 Qh4 30. Qxh4 1-0

[Event "DSOL 2021"]
[Site "Germany"]
[Date "2021.02.22"]
[Round "4.2"]
[White "Rumpf, Thomas"]
[Black "Hobmeier, Luis"]
[Result "0-1"]
[WhiteElo "2110"]
[BlackElo "1644"]
[Annotator "TA"]
[PlyCount "76"]
[EventDate "2021.01.18"]
[EventType "team-tourn"]
[EventCountry "GER"]
[SourceTitle "playchess.com"]
[Source "ChessBase"]
[SourceQuality "1"]

1. e4 e5 2. Nf3 Nc6 3. d4 exd4 4. Bc4 Nf6 5. e5 d5 6. Bb5 Ne4 7. Nxd4 Bd7 8. Bxc6 bxc6 9. O-O Bc5 10. Be3 O-O 11. f3 Ng5 12. f4 Ne4 13. Nd2 Nxd2 14. Qxd2 f6 15. b4 Bb6 16. exf6 Qxf6 17. Nb3 Bg4 18. Nc5 a5 19. Bd4 Qg6 20. a3 Rfe8 21. Rae1 axb4 22. axb4 Rxe1 23. Rxe1 Ra2 24. Re7 Rxc2 25. Qe1 Kf8 26. Bxg7+ Kg8 27. Bd4 Kf8 28. Rg7 Bxc5 29. bxc5 Re2 30. Qa1 Qe8 31. Bf2 Be6 32. Rxc7 Bd7 33. Qh8+ Ke7 34. Bh4+ Kf7 35. Qxh7+ Kf8 36. h3 Qe3+ 37. Kh2 Qxh3+ 38. Kg1 Qxg2# 0-1

[Event "DSOL 2021"]
[Site "Germany"]
[Date "2021.02.26"]
[Round "4.2"]
[White "Matthey, Harald"]
[Black "Bennemann, Ingmar"]
[Result "0-1"]
[WhiteElo "2104"]
[BlackElo "2085"]
[Annotator "TA"]
[PlyCount "66"]
[EventDate "2021.01.18"]
[EventType "team-tourn"]
[EventCountry "GER"]
[SourceTitle "playchess.com"]
[Source "ChessBase"]
[SourceQuality "1"]
[WhiteTeam "SK Dessau I"]
[BlackTeam "SG Osnabrück"]

1. Nc3 d5 2. d4 Nf6 3. Bf4 a6 4. e3 c5 5. Nf3 Bg4 6. h3 Bxf3 7. Qxf3 e6 8. g4 Nc6 9. O-O-O Rc8 10. g5 Nd7 11. h4 Be7 12. Qg3 Qb6 13. dxc5 Nxc5 14. h5 Nb4 15. Be5 Qa5 16. h6 Ne4 17. hxg7 Rg8 18. Qh4 Nxa2+ 19. Nxa2 Qxa2 20. c4 Qa1+ 21. Kc2 Qa4+ 22. b3 Qa2+ 23. Bb2 Ba3 24. Rb1 Rxg7 25. f3 dxc4 26. Qxe4 cxb3+ 27. Kd1 Bxb2 28. Rxh7 Rd8+ 29. Bd3 Qxb1+ 30. Ke2 Qxd3+ 31. Qxd3 Rxd3 32. Rh8+ Kd7 33. Kxd3 Rxg5 0-1

[Event "DSOL 2021"]
[Site "Germany"]
[Date "2021.02.24"]
[Round "4.2"]
[White "Pfrengle, Tim"]
[Black "Machlin, Maxim"]
[Result "1-0"]
[WhiteElo "2096"]
[BlackElo "2007"]
[Annotator "TA"]
[PlyCount "113"]
[EventDate "2021.01.18"]
[EventType "team-tourn"]
[EventCountry "GER"]
[SourceTitle "playchess.com"]
[Source "ChessBase"]
[SourceQuality "1"]

1. d4 d5 2. Bf4 Nf6 3. e3 c5 4. c3 Nc6 5. Nd2 Bf5 6. Qb3 Qd7 7. Ngf3 c4 8. Qd1 e6 9. Nh4 Bg6 10. Nxg6 hxg6 11. h3 b5 12. Be2 a5 13. O-O Bd6 14. Bxd6 Qxd6 15. a4 b4 16. e4 Nh5 17. exd5 exd5 18. Bxh5 Rxh5 19. Re1+ Kf8 20. Qf3 Qf6 21. Qg3 Nd8 22. Nf3 Ne6 23. Ne5 Kg8 24. Ng4 Qf4 25. Re3 bxc3 26. bxc3 Rb8 27. Rae1 Qxg3 28. fxg3 Rf5 29. Ne5 Rb2 30. R1e2 Rb1+ 31. Re1 Rb2 32. Nf3 Ra2 33. Rb1 g5 34. Rb8+ Kh7 35. Re5 Rxe5 36. Nxe5 f6 37. Ng4 Rxa4 38. Re8 f5 39. Ne3 Nc7 40. Rc8 f4 41. gxf4 gxf4 42. Rxc7 fxe3 43. Re7 Ra1+ 44. Kh2 Re1 45. Kg3 Rd1 46. Kf3 Rd3 47. Ra7 Rd2 48. Rxa5 e2 49. Kf2 e1=Q+ 50. Kxe1 Rxg2 51. Rxd5 Rc2 52. Rc5 Rxc3 53. d5 Rd3 54. Ke2 Kg6 55. h4 Kh5 56. d6+ Kxh4 57. Rxc4+ 1-0

[Event "DSOL 2021"]
[Site "Germany"]
[Date "2021.02.23"]
[Round "4.2"]
[White "Bohnhoff, Peter"]
[Black "Bargsten, Justus"]
[Result "1-0"]
[WhiteElo "2078"]
[BlackElo "1661"]
[Annotator "ChessBase"]
[PlyCount "105"]
[EventDate "2021.01.18"]
[EventType "team-tourn"]
[EventCountry "GER"]
[SourceTitle "playchess.com"]
[Source "ChessBase"]
[SourceQuality "1"]

1. Nf3 c5 2. c4 g6 3. Nc3 Bg7 4. d4 cxd4 5. Nxd4 Nc6 6. Nxc6 bxc6 7. e4 d6 8. Be2 Nf6 9. O-O O-O 10. Be3 Rb8 11. b3 c5 12. Rc1 h5 13. h3 Bb7 14. e5 Ne8 15. exd6 exd6 16. Bf3 Qa5 17. Bxb7 Rxb7 18. Qd2 Nc7 19. Ne4 Qxd2 20. Bxd2 Ne6 21. Rfe1 Be5 22. Bc3 Nd4 23. Bxd4 cxd4 24. Rcd1 f5 25. Nd2 a5 26. Nf3 Re7 27. Nxd4 a4 28. Nc6 Rb7 29. Nxe5 dxe5 30. Rxe5 axb3 31. axb3 Rxb3 32. Re7 Rf7 33. Rdd7 Rxe7 34. Rxe7 Rc3 35. Rc7 Rc2 36. h4 Kf8 37. f3 Ke8 38. Kh2 Kd8 39. Rc6 Kd7 40. Rxg6 Rxc4 41. Rg5 Rxh4+ 42. Kg3 Rh1 43. Rxf5 Ke6 44. Rf8 Ke7 45. Rf4 Ke6 46. Rh4 Ra1 47. Rxh5 Kf6 48. Rb5 Ra2 49. Kh3 Kg6 50. g4 Kf6 51. Kg3 Kg6 52. Rb6+ Kg5 53. f4# 1-0